[Event "IECC M email"]
[Site "IECC email"]
[Date "2000.04.15"]
[Round "?"]
[White "Fan, Andrew"]
[Black "Rajtmajer, Ales"]
[Result "1-0"]
[WhiteElo "1192"]
[BlackElo "1051"]
[PlyCount "71"]
[EventDate "2000.??.??"]
[EventType "tourn (corr)"]
[EventRounds "2"]
[SourceTitle "Corr 2008"]
[Source "ChessBase"]
[SourceDate "2008.06.24"]
[SourceVersion "1"]
[SourceVersionDate "2008.06.24"]
[SourceQuality "1"]

1. e4 d6 2. d4 Nf6 3. Nc3 g6 4. Be2 Bg7 5. Nf3 0-0 6. 0-0 Bg4 7. Be3 Nc6 8. Qd2 e5 9. d5 Ne7 10. h3 Bxf3 11. Bxf3 c6 12. dxc6 bxc6 13. Rfd1 Nc8 14. g3 Rb8 15. Rab1 Qa5 16. Bg2 Nd7 17. Qe2 Nc5 18. a3 Ne6 19. Qd3 Qc7 20. b4 Rd8 21. b5 cxb5 22. Nxb5 Qd7 23. c4 a6 24. Nc3 Rxb1 25. Rxb1 Ne7 26. Rb6 a5 27. Nb5 Nc8 28. Ra6 Nc5 29. Bxc5 dxc5 30. Qxd7 Rxd7 31. Ra8 Rd1+ 32. Kh2 Bf8 33. Rxc8 Rc1 34. Ra8 Rxc4 35. Rxa5 Rc2 36. f3 1-0

[Event "IECC M email"]
[Site "IECC email"]
[Date "1998.05.09"]
[Round "?"]
[White "Rajtmajer, Ales"]
[Black "Alrivie, Marie Christine"]
[Result "1-0"]
[WhiteElo "1000"]
[BlackElo "1000"]
[PlyCount "73"]
[EventDate "1998.??.??"]
[EventType "tourn (corr)"]
[EventRounds "12"]
[SourceTitle "Corr 2008"]
[Source "ChessBase"]
[SourceDate "2008.06.24"]
[SourceVersion "1"]
[SourceVersionDate "2008.06.24"]
[SourceQuality "1"]

1. e4 Nc6 2. d4 d5 3. Nf3 Bg4 4. e5 e6 5. Be2 g5 6. Bxg5 Be7 7. Bf4 Bf5 8. Bd3 Bg6 9. c3 h5 10. c4 Qd7 11. cxd5 exd5 12. Nc3 a6 13. 0-0 Qe6 14. Ng5 Bxg5 15. Bxg5 Nge7 16. Bxe7 Nxe7 17. Bxg6 Qxg6 18. Ne2 0-0-0 19. Nf4 Qg5 20. Qf3 Rdg8 21. g3 h4 22. Kg2 hxg3 23. fxg3 Qh4 24. Rh1 Nf5 25. Raf1 c6 26. b4 Qe7 27. Qc3 Rg4 28. Nxd5 Qg5 29. Rxf5 Qd8 30. Nf4 Qd7 31. Rf6 Qe7 32. d5 Kb8 33. d6 Qd7 34. Qc4 Rg7 35. Re1 Qh3+ 36. Nxh3 Rd8 37. Rxf7 1-0